000 00319nam a22001337a 4500
005 20240302101813.0
008 240302b ||||| |||| 00| 0 eng d
040 _cAL
041 _aEnglish
082 _223
_a954.029
_bNATE
100 _aNatyan and others
_9152583
245 _aExploreing Karnataka
942 _2ddc
_cBK
999 _c229966
_d229966